000 00651cam a22002413a 4500
001 22775
003 PGUSA
005 20140828083502.0
008 070927s2007||||xxu|||||s|||||000 | eng d
040 _aPGUSA
_beng
042 _adc
050 4 _aRZ
100 1 _aMünsterberg, Hugo,
_d1863-1916
245 1 0 _aPsychotherapy
_h[electronic resource] /
_cHugo Münsterberg
260 _bProject Gutenberg,
_c2007
506 _aPublic domain in the USA.
516 _aElectronic text
653 _aMind and body
653 _aMental healing
830 0 _aProject Gutenberg
_v22775
856 4 0 _uhttp://www.gutenberg.org/ebooks/22775
942 _cEB
999 _c252030
_d252030